European Country by Two Hints Quiz Stats

 Plays Quiz Updated Oct 4, 2018

Score 0/30 Timer 05:00
4 Plays Today
Hint Country % Correct
Borders DenmarkGermany
95.7%
Flag contains Black, Yellow and RedBelgium
90.7%
Is not using the EuroUnited Kingdom
86%
Has French as one of its official languagesSwitzerland
76.8%
Is located on the Iberian PeninsulaSpain
74%
Drives on the left side of the roadIreland
69%
Has been part of the Russian Empire (1721-1917)Belarus
68.6%
Has no standing armyAndorra
66.1%
Island country in the Mediterranean SeaMalta
63.2%
Flag contains an image of the country's outlineCyprus
62.8%
Starts with a 'B'Bulgaria
62.6%
Flag contains red and greenPortugal
60.5%
Capital starts with the letter 'R'Italy
59.5%
Has German as an official languageAustria
58.2%
Is considered a microstateLiechtenstein
57.1%
Hint Country % Correct
Never hosted the Eurovision Song ContestPoland
53.4%
Was in a war for independence between 1918 and 1921Latvia
48.5%
Borders the Gulf of BothniaFinland
44.7%
Is a monarchySweden
43.6%
Was involved in the Patriotic War of 1812 France
41.3%
Is in the Western European Time zoneIceland
40%
Became an EU member in 2007Romania
39.6%
Has an overseas region called 'Saint Martin'Netherlands
35.6%
Borders SloveniaHungary
35.1%
Has the 'leu' as official currencyMoldova
34.7%
Is a landlocked countryKosovo
34.4%
One-time European Champions in footballGreece
33.6%
Borders BulgariaSerbia
24.4%
Flag contains double-headed eagleMontenegro
14.9%
Capital city contains the letter 'W'Russia
14.1%

You're not logged in!

Compare scores with friends on all Sporcle quizzes.
OR
Log In

Sporcle TV

Today on Sporcle TV


Watch our educational content, quiz creation guides, and fun videos on Sporcle TV.

Show Comments

Extras

Top Quizzes Today


Score Distribution

Your Account Isn't Verified!

In order to create a playlist on Sporcle, you need to verify the email address you used during registration. Go to your Sporcle Settings to finish the process.

Report this User

Report this user for behavior that violates our Community Guidelines.

Details: